000 00676nam a22002297a 4500
001 11997
003 CO-MdFUSB
005 20180622072728.0
008 170510t1971 xxu||||| |||| 00| 0 eng d
020 _a0-86660-983-0
040 _aCO-MdFUSB
_bspa
_cCO-MdFUSB
_dCO-MdFUSBC
_erda
041 0 _aeng
082 0 4 _aG 220.52 L7855h
110 1 _aLiving Bibles International
245 1 4 _aThe Holy Bible
_b : Living Bible Edition
_c / Living Bibles International
264 4 _aNaperville, ILL., USA :
_bLiving Bibles International,
_c©1971
300 _a[pag. varía]
336 _2rdacontent
_a1
_ba1
337 _2rdamedia
_a2
_b5
338 _2rdacarrier
_a2
_b5
942 _cBK
999 _c41042
_d41042